| 000 | 004400000a22001810004500 | ||
|---|---|---|---|
| 003 | MACL | ||
| 005 | 20151229155539.0 | ||
| 008 | 151229b xxu||||| |||| 00| 0 eng d | ||
| 040 |
_aMACL _cMACL |
||
| 041 | _aEnglish | ||
| 082 | _a294.592/RAJ | ||
| 100 |
_aRajagopalachari, C _924167 |
||
| 245 | _aRamayana | ||
| 260 |
_bBharatiya Vidya Bhavan _c1976 _aBombay |
||
| 350 | _a9 | ||
| 650 |
_aReligion _924168 |
||
| 942 |
_cBK _k294.592/RAJ _2ddc |
||
| 999 |
_c34126 _d34126 |
||